Naturwissenschaftliches Allgemeinwissen - Statistiken

Allgemein
  • Dieses Quiz wurde 2.072 mal gespielt
    1.813 seit der letzten Aktualisierung
  • Das Durchschnittsergebnis liegt bei 6 aus 10
Antwortstatistiken
Frage Antwort % Korrekt
Welches dieser Metalle ist kein chemisches Element? Bronze
85%
Bei wie viel Grad Celsius liegt der "absolute Nullpunkt"? -273,15
75%
Wofür steht das c in E=mc^2? Lichtgeschwindigkeit
73%
Welche grundlegende Gleichung aus der Mechanik dient zur Berechnung der Kraft? F=m*a
71%
In welcher Einheit gibt man den sogenannten Ortsfaktor an (in Deutschland ca. 9,81)? Newton pro Kilogramm
63%
Welches chemische Element ist in unserem Universum am meisten vorhanden (nicht zwingend in elementarer Form)? Wasserstoff
62%
Bei der "Anomalie des Wassers" steht welche Gradzahl (Celsius) im Vordergrund? 4
60%
Wie alt ist etwa unsere Erde? etwa 4,5 Milliarden Jahre
56%
Auf welchem physikalischen Prinzip beruht die sogenannte (und verschleißfreie!) Wirbelstrombremse? elektromagnetische Induktion
55%
Welches chemische Element (nicht zwingend in elementarer Form) hat den größten Anteil am Gesamtgewicht eines menschlichen Körpers? Sauerstoff
15%
Keine übereinstimmenden Quizze gefunden
Verteilung der Resultate
Anzahl Personen mit jedem Resultat
Perzentil nach korrekt beantworteten Fragen
Ihre Resultats-Entwicklung
Sie haben dieses Quiz seit der letzten Aktualisierung nicht gespielt